000 00410nam a2200169Ia 4500
005 20260330112738.0
008 260330s9999||||xx |||||||||||||| ||und||
020 _a9789702215097
041 _aspa
100 _aVarios
245 0 _aMi Primer Larousse De Leyendas De La Mitologia /
_cVarios
250 _a1 ed.
260 _aMexico :
_bLarousse.
300 _a191 p.
650 _aMITOLOGÍA
942 _cBK
999 _c3136
_d3136